[Event "Romanian Open 2019"]
[Site "Alba Iulia"]
[Date "2019.11.03"]
[Round "9.8"]
[White "Pap, Misa"]
[Black "Ashwath, R.."]
[Result "1/2-1/2"]
[WhiteElo "2432"]
[BlackElo "2340"]
[Annotator "TA"]
[PlyCount "99"]
[EventDate "2019.10.28"]
[EventType "swiss"]
[EventCountry "ROU"]
[SourceTitle "playchess.com"]
[Source "ChessBase"]
[SourceQuality "1"]

{[%evp 9,99,26,32,30,36,22,20,25,55,19,8,0,0,0,0,0,0,-25,-25,-45,-25,-35,-29,-44,-34,-43,-29,-51,-33,-86,-87,-126,-125,-199,-28,-29,-15,-29,0,0,33,39,38,44,29,37,29,37,29,33,83,0,0,0,0,0,0,0,0,0,0,0,0,0,0,0,0,0,0,0,0,0,0,0,0,0,0,0,0,0,0,0,0,0,0,0,0,0,0,0,0,0]} 1. e4 e5 2. Nf3 Nc6 3. Bb5 g6 4. c3 a6 5. Bc4 f5 (5... Bg7 6. d4 d6 7. dxe5 dxe5 8. Qxd8+ Nxd8 9. Be3 f6 10. Nbd2 Bh6 11. Nf1 Be6 12. N3d2 Bxc4 13. Nxc4 {1-0 (49) Sutovsky,E (2628)-Baron,T (2519) Israel 2019}) 6. d3 $146 {C60: Ruy Lopez: Unusual Black 3rd moves and 3...g6} ({Predecessor:} 6. Bxg8 Rxg8 7. d4 fxe4 8. Nxe5 Nxe5 9. dxe5 d5 10. exd6 Qxd6 11. O-O Qxd1 12. Rxd1 Bg4 13. Re1 {1-0 (39) Vasiesiu,D (2402)-Radulski,J (2519) Belgrade 2007}) 6... Bg7 7. Ng5 {[#] Black must now prevent Nf7.} Nh6 8. b4 Ne7 9. f4 exf4 10. Bxf4 d5 $1 {[%cal Rd5c4]} 11. exd5 {Strongly threatening Qf3.} Nxd5 12. Qe2+ Kf8 13. Bd2 Nf7 14. Nf3 Bf6 $36 {[%mdl 2048] White is under pressure.} 15. O-O Kg7 16. Re1 b5 17. Bxd5 Qxd5 18. c4 $1 {[%cal Rc4d5]} Qd8 19. Nc3 (19. Bc3 $15) 19... Bb7 $17 20. cxb5 axb5 21. Nxb5 (21. Rad1 $17) 21... Ba6 $2 ({Black should try} 21... Bxf3 $19 22. Qxf3 Rb8) 22. Nc3 $1 $11 Bxd3 23. Qf2 Ra3 24. Rad1 Bxc3 25. Bxc3+ Rxc3 26. Qb2 Qf6 {[#] aiming for ...Be4.} 27. Re6 $1 {[%cal Re6f6]} Qxe6 28. Qxc3+ Qf6 29. Rxd3 Re8 30. Qxf6+ (30. a4 $16) 30... Kxf6 $16 {[%mdl 4096] Endgame KRN-KRN. The position is equal.} 31. Rc3 Ra8 32. a3 Nd6 33. Nd4 Ne4 34. Rc6+ Ke5 35. Nb5 Rd8 {[%cal Rd8d1]} 36. Nc3 Rd3 37. Nxe4 fxe4 38. Rxc7 Rxa3 39. Rxh7 $11 {KR-KR} e3 {[%cal Ra3a1]} 40. Kf1 Ra2 41. Re7+ Kd4 42. h4 Rf2+ 43. Ke1 Rxg2 44. b5 Rb2 45. Re6 Rxb5 (45... Kd3 $5 46. Rd6+ $8 Ke4 $11) 46. Rxg6 Ke4 47. Re6+ Kf3 {[%cal Rb5b1]} (47... Kd3 $5 48. Rd6+ $8 Ke4 $11) 48. Rf6+ Kg4 49. Ke2 Kxh4 50. Kxe3 {Accuracy: White = 69%, Black = 61%.} 1/2-1/2

[Event "Romanian Open 2019"]
[Site "Alba Iulia"]
[Date "2019.11.03"]
[Round "9.9"]
[White "Stoleriu, George"]
[Black "Shishkin, Vadim"]
[Result "1/2-1/2"]
[WhiteElo "2351"]
[BlackElo "2428"]
[Annotator "TA"]
[PlyCount "83"]
[EventDate "2019.10.28"]
[EventType "swiss"]
[EventCountry "ROU"]
[SourceTitle "playchess.com"]
[Source "ChessBase"]
[SourceQuality "1"]

{[%evp 10,83,22,11,17,17,18,10,60,60,51,38,43,0,0,-14,0,-31,-46,-53,-57,-56,-49,-40,0,0,46,41,49,42,48,50,83,69,42,45,37,36,50,39,82,96,88,14,23,14,10,0,31,0,0,0,0,0,0,0,0,0,0,0,0,0,0,0,0,0,0,0,0,0,0,0,0,0,0,0]} 1. e4 c5 2. Nf3 Nc6 3. Bb5 g6 4. Bxc6 dxc6 5. d3 Bg7 6. h3 b6 {B31: Sicilian: 2...Nc6 3 Bb5 g6} (6... Nf6 7. Nc3 Nd7 8. Be3 e5 9. Qd2 h6 10. O-O b6 11. Nh2 Nf6 12. a3 Be6 13. b4 Nd5 14. exd5 cxd5 15. Qe1 d4 16. Bd2 dxc3 17. Bxc3 {½-½ (33) Dominguez Perez,L (2763)-Abasov,N (2632) Khanty-Mansiysk 2019}) 7. a4 a5 8. O-O Nh6 9. Na3 f6 10. Be3 Nf7 11. Qd2 e5 12. Rfd1 $146 ({Predecessor:} 12. Nh2 O-O 13. Nc4 Be6 14. Qe2 Bxc4 15. dxc4 {½-½ (27) Tereladze,S (2232)-Gvetadze,S (2198) Tbilisi 2001}) 12... O-O 13. c3 f5 14. exf5 gxf5 {And now ...f4 would win.} 15. Bg5 Qc7 16. d4 cxd4 17. cxd4 e4 (17... h6 $5 18. Bh4 $8 Be6 $15) 18. Bf4 $1 {[%cal Rf4c7]} Qe7 {[#]} 19. Ne5 $1 {[%mdl 512]} Nxe5 20. dxe5 Be6 21. Qc3 Bd5 22. Nc4 Rab8 23. Ne3 Qe6 24. Rac1 {[%cal Ba1c1,Bc1c3,Bc3b3,Bb3b5][%mdl 32]} Rfd8 25. Nxd5 cxd5 26. Qd4 (26. Qb3 $16) 26... Rd7 27. Rc3 {Black must now prevent Rdc1.} Re8 $1 28. Rb3 Bxe5 29. Bxe5 Qxe5 {The position is equal.} 30. Rb5 {[%cal Rb5d5]} Qxd4 31. Rxd4 Rc8 32. Rdxd5 Rxd5 33. Rxd5 $11 {[%mdl 4096] Endgame KR-KR} Rc1+ 34. Kh2 f4 35. Rg5+ Kh8 36. Rf5 e3 37. fxe3 fxe3 {[#] Hoping for ...e2.} 38. Re5 Rc2 39. b4 Rc4 40. bxa5 bxa5 41. Rxe3 Rxa4 42. Re7 {Accuracy: White = 59%, Black = 70%.} 1/2-1/2

[Event "Romanian Open 2019"]
[Site "Alba Iulia"]
[Date "2019.11.03"]
[Round "9.10"]
[White "Creanga, Robert-Ionut"]
[Black "Secheres, Adrian-Simion"]
[Result "0-1"]
[WhiteElo "2055"]
[BlackElo "2397"]
[Annotator "TA"]
[PlyCount "68"]
[EventDate "2019.10.28"]
[EventType "swiss"]
[EventCountry "ROU"]
[SourceTitle "playchess.com"]
[Source "ChessBase"]
[SourceQuality "1"]

{[%evp 13,80,33,20,24,29,30,34,33,31,29,32,22,35,13,37,0,6,-109,-104,-104,-103,-145,-142,-291,-281,-276,-278,-347,-350,-450,-349,-345,-347,-329,-345,-320,-320,-333,-285,-406,-396,-415,-407,-416,-358,-560,-388,-397,-396,-402,-405,-382,-375,-366,-301,-390,-387,-568,-697,-765,-757,-763,-762,-699,-740,-666,-530,-716,-716]} 1. d4 Nf6 2. c4 g6 3. f3 Bg7 4. e4 d6 5. Nc3 O-O 6. Be3 c5 7. Nge2 Nc6 8. d5 {E81: King's Indian: Sämisch: 6th move deviations (including 6 Be3 c6)} (8. Qd2 Qa5 9. Rc1 e5 10. dxc5 dxc5 11. Nd5 Qxd2+ 12. Kxd2 b6 13. Bg5 Nd7 14. a3 h6 15. Be3 Rd8 16. b4 Bb7 {1-0 (37) Duda,J (2737)-Grischuk,A (2766) chess.com INT 2018}) 8... Na5 9. Ng3 e6 10. Be2 {White is slightly better.} a6 11. O-O exd5 12. cxd5 b5 13. Rc1 {[#]} Bd7 $146 (13... b4 $5 {[%cal Rb4c3]} 14. Na4 Bd7 $11) ({Predecessor:} 13... b4 14. Nb1 Nd7 15. b3 Nb6 {0-1 (25) Baldauf,M (2422)-Banikas,H (2600) Achaea 2016}) 14. a3 c4 15. f4 (15. Qe1 $11 {remains equal.}) 15... Nb3 $17 16. Rc2 Re8 17. Bf2 h5 {Threatens to win with ...h4.} 18. f5 (18. Bf3 $17) 18... h4 $19 19. Nh1 Nxe4 20. Nxe4 Rxe4 21. Bf3 Re5 22. fxg6 fxg6 23. Bg4 Bf5 24. Bxf5 Rxf5 ({Resist} 24... gxf5 25. Be1 $19) 25. Re1 Nc5 26. Rd2 (26. Qg4 {might work better.} Qg5 27. Qxg5 Rxg5 28. Bxh4 Bd4+ 29. Nf2) 26... Nd3 27. Re4 Qf6 28. Bxh4 g5 29. Re6 (29. Bf2 {was called for.}) 29... Qd4+ 30. Bf2 Qxd5 31. Re3 Raf8 32. Rexd3 cxd3 33. Rxd3 Qf7 {[%cal Rf5f2]} 34. Rd2 {[#]} Be5 {Played: Bg7-d4} 0-1

[Event "Romanian Open 2019"]
[Site "Alba Iulia"]
[Date "2019.11.03"]
[Round "9.11"]
[White "Dixit, Nikhil"]
[Black "Sahil, Tickoo"]
[Result "0-1"]
[WhiteElo "2358"]
[BlackElo "2167"]
[Annotator "TA"]
[PlyCount "118"]
[EventDate "2019.10.28"]
[EventType "swiss"]
[EventCountry "ROU"]
[SourceTitle "playchess.com"]
[Source "ChessBase"]
[SourceQuality "1"]

{[%evp 10,118,44,26,38,38,43,25,24,16,25,10,36,29,46,31,61,45,55,59,83,38,77,88,129,68,93,89,99,87,108,108,152,117,170,183,194,168,176,185,166,168,189,0,0,0,0,-20,-20,-20,-20,-20,-20,-18,0,0,0,0,0,0,0,-121,-88,-241,-241,-237,-241,-231,-112,-83,0,0,0,0,0,0,0,0,0,0,-104,-909,-658,-540,0,-1299,-1268,-1144,-846,-950,-628,-705,-483,-5908,-3615,-12841,-12841,-12841,-12842,-12842,-12843,-12844,-12844,-12845,-12844,-12846,-12846,-12846,-12847,-12847,-12847]} 1. e4 Nf6 2. e5 Nd5 3. d4 d6 4. Nf3 dxe5 5. Nxe5 c6 6. Be2 Bf5 {B04: Alekhine's Defence: 4 Nf3} 7. O-O (7. c3 Nd7 8. Nf3 e6 9. O-O Bd6 10. Re1 O-O 11. Nbd2 h6 12. Nc4 Bc7 13. a4 a5 14. Bd3 {1-0 (40) Vachier Lagrave,M (2779)-Dominguez Perez,L (2739) chess.com INT 2018}) 7... Nd7 8. Bg4 (8. f4 {with more complications.} e6 9. a3 Nxe5 10. fxe5 b5 11. Bd3) 8... Bxg4 {White has an edge.} 9. Qxg4 Nxe5 10. dxe5 Qd7 11. Qxd7+ $146 ({Predecessor:} 11. Qg3 Qf5 12. c4 Nb4 13. Nc3 Nc2 14. Rb1 {½-½ (29) Heinatz,T (2321)-Burkart,P (2323) Germany 2012}) 11... Kxd7 12. Rd1 {aiming for c4.} Ke6 13. c4 $36 {[%mdl 2048] White is pushing.} Nb6 14. b3 g6 15. Bb2 Bg7 16. Nd2 Kf5 17. Nf1 (17. f4 $16) 17... g5 18. Ng3+ Kg6 19. Ne4 Rhd8 20. Nc5 $1 Rxd1+ 21. Rxd1 Kf5 (21... Rb8 $16) 22. a4 $18 ({Resist} 22. Nxb7 $6 Rb8 $16) 22... a5 23. Bc3 h5 24. Nxb7 Bxe5 25. Bxa5 Nc8 26. b4 $2 (26. Rd7 $18) 26... Nd6 $11 27. Nd8 c5 28. Nc6 Nxc4 29. Nxe7+ Ke6 30. Nc6 Nxa5 31. bxa5 {[%mdl 4096] Endgame KRB-KRN} Ra6 32. Nd8+ Ke7 33. Nb7 c4 34. Rd5 f6 35. Rc5 (35. Kf1 $11) 35... c3 {Strongly threatening ...Ra7.} 36. g3 $2 (36. Rc4 $17) 36... Ra7 $19 37. a6 Rxa6 38. Rc4 Rb6 (38... Ra7 $1 $19 {[%cal Ra7b7] and Black stays clearly on top.} 39. f4 Bb8) 39. Na5 $17 {White wants to play Nc6+.} Rb1+ ({Black should play} 39... Kd7 $1 $17 40. Kf1 f5) 40. Kg2 $11 Rc1 41. Nc6+ Kd6 42. Nxe5 fxe5 {KR-KR} (42... Kxe5 $11 43. a5 Kd5) 43. a5 $17 Kd5 44. Rc8 Kd4 {...Ra1 is the strong threat.} 45. a6 $2 {[%mdl 8192]} (45. Rd8+ $17 Kc5 46. a6) 45... Ra1 $19 46. Rd8+ Kc4 $2 (46... Ke4 $19 47. Rc8 Kd3 48. Rd8+ Ke2) 47. Rc8+ $2 {[%mdl 8192]} (47. Ra8 $11) 47... Kd3 {Black is clearly winning.} 48. Rd8+ Ke2 $1 {And now ...c2 would win.} 49. Rc8 {[#]} Kd2 $1 50. Rd8+ {[#]} Kc1 $1 51. Rd6 (51. Ra8 $142 c2 52. a7) 51... c2 52. Kf3 Kb2 53. Rb6+ Kc3 54. Rc6+ Kd2 55. Ke4 c1=Q 56. Rxc1 Rxc1 57. Kxe5 g4 58. Kf5 Ke2 59. Kg5 Rc5+ {Accuracy: White = 43%, Black = 60%.} 0-1

[Event "Romanian Open 2019"]
[Site "Alba Iulia"]
[Date "2019.11.03"]
[Round "9.12"]
[White "Punin, Andrii"]
[Black "Gheorghiu, Calin"]
[Result "1-0"]
[WhiteElo "2310"]
[BlackElo "2315"]
[Annotator "TA"]
[PlyCount "55"]
[EventDate "2019.10.28"]
[EventType "swiss"]
[EventCountry "ROU"]
[SourceTitle "playchess.com"]
[Source "ChessBase"]
[SourceQuality "1"]

{[%evp 9,55,21,39,37,45,37,70,-21,-28,-29,56,61,61,58,57,50,68,33,39,20,75,75,79,77,72,70,83,68,115,109,124,117,125,127,122,109,115,117,191,197,179,181,268,270,266,259,299,293]} 1. Nf3 Nf6 2. c4 e6 3. b3 d5 4. e3 g6 (4... Be7 5. Bb2 O-O 6. Qc2 dxc4 7. Bxc4 c5 8. Nc3 Nc6 9. O-O b6 10. Rfd1 Bb7 11. d4 cxd4 12. Nxd4 Nxd4 13. Rxd4 Qc8 {½-½ (51) Vachier Lagrave,M (2774)-Wei,Y (2721) chess.com INT 2019}) 5. Nc3 Bg7 6. Ba3 {A13: English Opening: 1...e6} Ne4 7. Rc1 c6 $146 ({Predecessor:} 7... c5 8. b4 b6 9. cxd5 exd5 10. Bb5+ Bd7 11. Qa4 Nxc3 12. dxc3 {1-0 (24) De Queiroz,G (1815)-De Arruda,F (1923) Brasilia 2012}) 8. Nxe4 (8. Be2 $14) 8... dxe4 $11 9. Nd4 Bxd4 (9... e5 $11 10. Nc2 Bf5) 10. exd4 $14 Qxd4 11. Qc2 $1 {[#] Bb2 is the strong threat.} e5 12. Bb2 Qd6 13. Qxe4 (13. c5 $5 {[%cal Rc5d6]} Qe7 14. Qxe4 $14) 13... O-O $1 14. Be2 $36 {[%mdl 2048] Black is under pressure.} ({Don't play} 14. Bxe5 Qa3 $11) (14. Qxe5 $2 Qxe5+ 15. Bxe5 Re8 $17) 14... Bf5 (14... Re8 $1 $11 {keeps the balance.}) 15. Qxe5 $16 Qxe5 16. Bxe5 Re8 17. Bd4 Na6 18. a3 Rad8 19. Be3 ({Much weaker is} 19. Bxa7 $6 c5 $11) 19... Bd3 20. Rc3 Nc5 21. b4 Bxe2 22. Kxe2 Ne4 23. Rd3 f5 (23... Nd6 $16) 24. Rxd8 $18 Rxd8 25. d3 Nf6 (25... Nc3+ $142 26. Kd2 Na4) 26. Bxa7 {White has a decisive advantage.} Ra8 27. Bd4 Ng4 28. h3 {Accuracy: White = 74%, Black = 35%.} 1-0